| 000 | 00756nam a2200229 a 4500 | ||
|---|---|---|---|
| 001 | 72484 | ||
| 003 | BD-RjUL | ||
| 005 | 20211209082251.0 | ||
| 008 | 170520s1963 azuab b s001 0 eng | ||
| 035 | _a(BD-RjUL)72702 | ||
| 040 |
_aDLC/ICU _cICU _dDLC _dBD-RjUL _beng |
||
| 041 | _aeng | ||
| 082 | 0 | 0 |
_223 _a561.13 _bMAL 1963 |
| 100 | 1 |
_aMartin, Paul S. _q(Paul Schultz), _d1928- _9214372 |
|
| 245 | 1 | 4 |
_aThe last 10,000 years : _ba fossil pollen record of the American Southwest / |
| 260 |
_aTucson : _bUniversity of Arizona Press, _c1963. |
||
| 300 |
_aviii, 87 p. : _bill. ; _c32 cm. |
||
| 504 | _aIncludes Bibliography and index | ||
| 650 | 0 |
_aPollen, Fossil _zSouthwest, New. _9214373 |
|
| 650 | 0 |
_aPaleobotany _zSouthwest, New. _9214374 |
|
| 942 |
_2ddc _cBK |
||
| 999 |
_c72484 _d72484 |
||